La vida prehistórica / (Record no. 89483)

MARC details
000 -LEADER
campo de control de longitud fija 00715nam a2200229 i 4500
001 - NÚMERO DE CONTROL
campo de control 89483
003 - IDENTIFICADOR DE NÚMERO DE CONTROL
campo de control ES-MaACL
005 - FECHA Y HORA DE LA ÚLTIMA TRANSACCIÓN
campo de control 20251015063109.0
007 - CAMPO FIJO DE DESCRIPCIÓN FÍSICA--INFORMACIÓN GENERAL
campo de control de longitud fija t|
008 - DATOS DE LONGITUD FIJA--INFORMACIÓN GENERAL
campo de control de longitud fija 050111s1956 sp ||||1| spa d
100 1# - ENTRADA PRINCIPAL--NOMBRE DE PERSONA
Nombre de persona Lantier, Raymond,
Fechas asociadas al nombre 1886-1980
9 (RLIN) 70103
245 13 - MENCIÓN DEL TÍTULO
Título La vida prehistórica /
Mención de responsabilidad, etc. Raymond Lantier ; traducción de Pedro Voltes.
250 ## - MENCION DE EDICION
Mención de edición [1ª ed. española].
260 ## - PUBLICACIÓN, DISTRIBUCIÓN, ETC.
Lugar de publicación, distribución, etc. Barcelona, etc. :
Nombre del editor, distribuidor, etc. Salvat,
Fecha de publicación, distribución, etc. [1956] (
Fabricante Imp. Hispano-Americana)
300 ## - DESCRIPCIÓN FÍSICA
Extensión VIII, 172 p. ;
Dimensiones 17 cm.
490 1# - MENCIÓN DE SERIE
Mención de serie Surco
650 04 - PUNTO DE ACCESO ADICIONAL DE MATERIA--TÉRMINO DE MATERIA
Término de materia o nombre geográfico como elemento de entrada Prehistoria.
9 (RLIN) 16343
700 0# - ENTRADA AGREGADA--NOMBRE PERSONAL
Nombre de persona Voltes Bou, Pedro,
Fechas asociadas al nombre 1926-2009
9 (RLIN) 115726
830 0# - PUNTO DE ACCESO ADICIONAL DE SERIE-TÍTULO UNIFORME
Título uniforme Surco
9 (RLIN) 181374
852 ## - LOCALIZACIÓN
Ubicación ES-MaACL
Número de control de estantería C-11677
Sublocalización o colección R.39574
Holdings
Estatus retirado Estado de pérdida Estado de daño No para préstamo Biblioteca de origen Biblioteca actual Ubicación en estantería Fecha de adquisición Fuente de adquisición Total de préstamos Signatura topográfica completa Código de barras Visto por última vez Precio de reemplazo Tipo de ítem Koha
        Biblioteca del Ateneo de Madrid Biblioteca del Ateneo de Madrid Sala Palomar 17/01/2008     C-11677 1093453 23/02/2023 23/02/2023 Libro impreso